000 00676nam a2200205 a 4500
001 000022747
005 20200930021755.0
008 101117s1978 ve r 000 0dspa d
040 _aDO-SdBNP
_bspa
_cBNPHU
082 _annnn
_bP745a, 1978
245 1 0 _aPoética :
_bAristóteles /
_cversión directa, introducción y notas de Juan David García Bacca.
250 _a3a ed.
260 _aVenezuela :
_bBiblioteca de la Universidad Central de Venezuela,
_c1978.
300 _a165, [2] p. ;
_c21 cm.
490 1 _aTemas
_v37
504 _aIncluye notas al pie de las páginas.
700 1 _aGarcía Bacca, Juan David,
_946741
830 0 _aTemas ;
_v37
_99064
049 _aBNGR
999 _c22244
_d22244